000 00756nam a2200169 i 4500
001 62189
003 ES-MaACL
005 20230906164625.0
007 t|
008 031118s1973 sp af |||| | spa d
111 2 _aFeria Oficial Monográfica Internacional de Equipo de Oficina y de la Informática (
_n13ª.
_d1973.
_cMadrid)
_9169732
245 1 0 _aCatálogo de material de oficina /
_c13 S.I.M.O., Feria de Muestras Monográfica Internacional del Equipo de Oficina y de la Informática, Madrid, noviembre 1973.
260 _aMadrid :
_bCentro de la Informática, Técnica y Material Administrativos,
_c[1973]
300 _a1488 p., 2 lám. :
_bil. ;
_c24 cm.
650 4 _aOficinas-
_xMaterial y equipo-
_vCatálogos.
_9169722
852 _aES-MaACL
_jC-55577
999 _c62189
_d62189